000 00754nam a22002177a 4500
999 _c18285
_d18285
003 AR-CdUCM
008 190513b ||||| |||| 00| 0 spa d
040 _aMUNICIPALIDAD PROVINCIAL DEL CUSCO
_cBIBLIOTECA MUNICIPAL DEL CUSCO
082 _a868.323 /
_bC48
100 _aCervantes, Saavedra, M.
_938782
245 _aLos trabajos de perfiles y segismunda :
_bHistoria septentrional /
260 _aBarcelona :
_bRamón Sopena,
300 _a398 páginas ;
_c19 cm.
440 _aBiblioteca sopena
_938783
505 _aContenido : Tasa -- Fe de erratas -- De don Francisco de Urbina a Miguel de Cervantes ...
650 _aLiteratura
_983
650 _aEspañola
_924066
650 _aSiglo XX
_98
942 _2ddc
_cLIBROS
945 _arah
_d2019/05/13